Amnesty international report 2005: the state of the world's human rights (Record no. 83910)

MARC details
000 -LEADER
fixed length control field 00823nam a2200181 a 4500
008 - FIXED-LENGTH DATA ELEMENTS--GENERAL INFORMATION
fixed length control field 090320s2005 ||||||||||||||||| || u
020 ## - INTERNATIONAL STANDARD BOOK NUMBER
International Standard Book Number 086210369X
050 ## - LIBRARY OF CONGRESS CALL NUMBER
Classification number JC 571 Amn
110 ## - MAIN ENTRY--CORPORATE NAME
Corporate name or jurisdiction name as entry element Amnesty International
245 10 - TITLE STATEMENT
Title Amnesty international report 2005: the state of the world's human rights
260 ## - PUBLICATION, DISTRIBUTION, ETC.
Place of publication, distribution, etc. London:
Name of publisher, distributor, etc. Amnesty International Publications
Date of publication, distribution, etc. 2005
300 ## - PHYSICAL DESCRIPTION
Extent ii, 308p.: ill.
350 ## -
-- 0.00
650 ## - SUBJECT ADDED ENTRY--TOPICAL TERM
Topical term or geographic name entry element RIGHTS
650 ## - SUBJECT ADDED ENTRY--TOPICAL TERM
Topical term or geographic name entry element HUMAN RIGHTS--ANNUAL REPORTS
995 ## -
-- ANNEX COLLECTION (Main Library)
-- 0.00
-- 739885
-- CBU-MAIN LIBRARY (Kitwe)
-- 1
-- 0.00
-- JC 571 AMN
-- 1
-- AVAILABLE
-- May 5, 2009
-- 739885
-- Annex Low-Usage Collection
995 ## -
-- MAIN LIBRARY OPEN ACCESS
-- 0.00
-- 739886
-- CBU-MAIN LIBRARY (Kitwe)
-- 1
-- 0.00
-- JC 571 AMN
-- 2
-- AVAILABLE
-- May 5, 2009
-- 739886
-- Main Library Open Access Collection
999 ## -
-- 83910
-- 83910
Holdings
Withdrawn status Lost status Source of classification or shelving scheme Damaged status Not for loan Permanent Location Current Location Shelving location Date acquired Total Checkouts Full call number Barcode Date last seen Copy number Price effective from Koha item type
          CBU-MAIN LIBRARY, KITWE. CBU-MAIN LIBRARY, KITWE.   01/08/2024   JC 571 Amn 739885 01/08/2024 1 01/08/2024 MONOGRAPH
          CBU-MAIN LIBRARY, KITWE. CBU-MAIN LIBRARY, KITWE.   01/08/2024   JC 571 Amn 739886 01/08/2024 2 01/08/2024 MONOGRAPH